000 00245nam a22001097a 4500
999 _c4450
_d4450
008 250220b ||||| |||| 00| 0 eng d
020 _a9789887780809
082 _a951 NG
100 _aNG,ALLEN
_eAUTHOR
245 _aHONG KONG A TO Z
942 _2ddc